| 000 | 00721cam a2200217 a 4500 | ||
|---|---|---|---|
| 999 |
_c7302 _d7302 |
||
| 001 | 1660 | ||
| 003 | BD-DhUAP | ||
| 005 | 20210119110734.0 | ||
| 008 | 931217s1994 iaua 001 0 eng | ||
| 020 | _a0697239640 | ||
| 040 |
_aDLC _cDLC _dBD-DhUAP _beng |
||
| 082 | 0 | 0 |
_a005.365 FRI _223 |
| 100 | 1 | _aErickson, Fritz J. | |
| 245 | 1 | 0 |
_aMicrocomputer applications with DOS 5.0, WordPerfect 5.1, Lotus 1-2-3 Release 2.3, and dBase IV 1.5 / _cFritz J. Erickson and John A. Vonk. |
| 260 |
_aDubuque, IA : _bBusiness and Educational Technologies, _cc1994. |
||
| 300 |
_avarious pages : _billustrations ; _c28 cm. |
||
| 500 | _aIncludes index. | ||
| 650 | 0 | _aApplication software. | |
| 700 | 1 | _aVonk, John A. | |
| 942 |
_2ddc _cBK |
||